000
00229nam a22000857a 4500
008
160928b xxu||||| |||| 00| 0 eng d
100
_9
789
_a
Wilson.R.etal
245
_a
English Course-5
260
_a
New Delhi
_b
S. Chand Publications
_c
2012
999
_c
3443
_d
3443